Movies Quiz

Random Movies or Director Quiz
Score 0/20 Timer 05:00
0 Plays Today
# DIRECTOR % Correct
13.Steven Spielberg
93.8%
11.Alfred Hitchcock
87.2%
14.Woody Allen
85.7%
6.George Lucas
85%
3.James Cameron
70.8%
8.Tim Burton
66.5%
12.Kevin Smith
56.6%
5.M Night Shyamalan
55.7%
1.Stanley Kubrick
48.9%
2.Roman Polanski
48.8%
# DIRECTOR % Correct
20.Christopher Nolan
44.8%
16.Penny Marshall
40.6%
10.Kathryn Bigelow
36.5%
19.John Hughes
30.9%
7.Jim Henson
30%
9.Sydney Pollack
24.5%
17.Joss Whedon
11.5%
18.Hayao Miyazaki
10.4%
4.Chris Columbus
7.2%
15.Ingmar Bergman
6.4%
Remove Ads.
Support Sporcle.
Get the best of Sporcle when you Go Orange. This ad-free experience offers more features, more stats, and more fun while also helping to support Sporcle. Thank you for becoming a member.

You're not logged in!

Compare scores with friends on all Sporcle quizzes.
OR
Log In

Show Comments

Extras

Top Quizzes Today


Score Distribution

Your Account Isn't Verified!

In order to create a playlist on Sporcle, you need to verify the email address you used during registration. Go to your Sporcle Settings to finish the process.

Report this User

Report this user for behavior that violates our Community Guidelines.

Details: